Management and supervisory skills research (Record no. 112862)
[ view plain ]
| 000 -LEADER | |
|---|---|
| fixed length control field | 01394cad a22002415a 4500 |
| 001 - CONTROL NUMBER | |
| control field | L154142 |
| 008 - FIXED-LENGTH DATA ELEMENTS--GENERAL INFORMATION | |
| fixed length control field | 111019s2011 xxk f 000 0 eng d |
| 035 ## - SYSTEM CONTROL NUMBER | |
| System control number | (Sirsi) u154142 |
| 041 0# - LANGUAGE CODE | |
| Language code of text/sound track or separate title | eng |
| 110 2# - MAIN ENTRY--CORPORATE NAME | |
| Corporate name or jurisdiction name as entry element | IFF Research Limited |
| 9 (RLIN) | 2228 |
| 245 00 - TITLE STATEMENT | |
| Title | Management and supervisory skills research |
| Remainder of title | report |
| Medium | [electronic resource] |
| 260 ## - PUBLICATION, DISTRIBUTION, ETC. | |
| Place of publication, distribution, etc. | London |
| Name of publisher, distributor, etc. | IFF Research Ltd |
| Date of publication, distribution, etc. | 2011 |
| 505 2# - FORMATTED CONTENTS NOTE | |
| Formatted contents note | Introduction -- Management summary -- The management and supervisory workforce -- Current training for managers and supervisors -- Skill gaps among managers and supervisors -- The training implications of introducing new products or processes and of emerging 'green' job roles -- Awareness, impact and views of the management and supervisory development programme (MSDP) -- Annex 1: federations covered in the current and the 2007 surveys -- Annex 2: detail of the skills gaps encountered by employers |
| 520 ## - SUMMARY, ETC. | |
| Summary, etc. | Examines the gaps in management skills in the UK construction industry. |
| 590 ## - LOCAL NOTE (RLIN) | |
| Local note | KA NTK |
| 651 #4 - SUBJECT ADDED ENTRY--GEOGRAPHIC NAME | |
| Geographic name | United Kingdom |
| Chronological subdivision | |
| 690 ## - LOCAL SUBJECT ADDED ENTRY--TOPICAL TERM (OCLC, RLIN) | |
| Topical term or geographic name as entry element | CAREERS, EDUCATION AND TRAINING |
| 690 ## - LOCAL SUBJECT ADDED ENTRY--TOPICAL TERM (OCLC, RLIN) | |
| Topical term or geographic name as entry element | MANAGEMENT-BUSINESS MANAGEMENT-HUMAN RESOURCE MANAGEMENT |
| 690 ## - LOCAL SUBJECT ADDED ENTRY--TOPICAL TERM (OCLC, RLIN) | |
| Topical term or geographic name as entry element | BUILT ENVIRONMENT-CONSTRUCTION MARKET |
| 710 1# - ADDED ENTRY--CORPORATE NAME | |
| Corporate name or jurisdiction name as entry element | CITB-ConstructionSkills |
| 9 (RLIN) | 4992 |
| 856 40 - ELECTRONIC LOCATION AND ACCESS | |
| Uniform Resource Identifier | <a href="https://www.cskills.org/uploads/msdp_mainreport_tcm17-26207.pdf">https://www.cskills.org/uploads/msdp_mainreport_tcm17-26207.pdf</a> |
| Public note | View the item free of charge at www.cskills.org |
| 942 ## - ADDED ENTRY ELEMENTS (KOHA) | |
| Suppress in OPAC | 0 |
| Withdrawn status | Lost status | Source of classification or shelving scheme | Damaged status | Not for loan | Home library | Current library | Shelving location | Date acquired | Total Checkouts | Full call number | Barcode | Date last seen | Copy number | Price effective from | Koha item type |
|---|---|---|---|---|---|---|---|---|---|---|---|---|---|---|---|
| Dewey Decimal Classification | Virtual | Virtual | Online | 19/10/2011 | ONLINE PUBLICATION | 154142-2001 | 06/08/2019 | 1 | 06/08/2019 | Book |